000 00273nam a22001217a 4500
008 180806b xxu||||| |||| 00| 0 eng d
082 _a813.52
245 _aThey Might Be Giants
_cRounder
260 _c2002
300 _a1
_fCD
440 _x011661811324
942 _2ddc
_cMX
999 _c46844
_d46844